[Event "Reykjavik Hellir"]
[Site "Reykjavik"]
[Date "2007.06.24"]
[Round "6"]
[White "Misiuga, Andrzej"]
[Black "Sarwat, Walaa"]
[Result "1/2-1/2"]
[WhiteElo "2153"]
[BlackElo "2397"]
[PlyCount "233"]
[EventDate "2007.06.20"]
[EventType "tourn"]
[EventRounds "9"]
[EventCountry "ISL"]
[EventCategory "1"]
[SourceTitle "EXT 2019"]
[Source "ChessBase"]
[SourceDate "2018.10.10"]
[SourceVersion "1"]
[SourceVersionDate "2018.10.10"]
[SourceQuality "1"]

1. d4 d5 2. Nf3 Nf6 3. c4 c6 4. Qc2 g6 5. e3 Bg7 6. Bd3 0-0 7. 0-0 Nbd7 8. Nc3 a6 9. cxd5 Nxd5 10. Nxd5 cxd5 11. Bd2 Nb8 12. b4 Nc6 13. a4 e5 14. b5 axb5 15. axb5 Rxa1 16. Rxa1 e4 17. bxc6 exf3 18. cxb7 Qg5 19. g3 Bxb7 20. Qc7 Bc8 21. Bb4 Qd8 22. Qf4 Re8 23. Ra7 Be6 24. Qxf3 Qb8 25. Bc5 Rc8 26. Ra5 Qb3 27. Qe2 Bh3 28. Qc2 Qb8 29. Qa2 Be6 30. Kg2 Qc7 31. Ra7 Qd8 32. Be7 Qb6 33. Ra8 Qc6 34. Rxc8+ Qxc8 35. Qa6 Bh3+ 36. Kg1 Qc1+ 37. Bf1 h6 38. Ba3 Qd1 39. Qd3 Qa1 40. Bb4 h5 41. Bd2 Bf6 42. Qe2 Be6 43. Qe1 Qa2 44. h4 Kg7 45. Bb4 Qb3 46. Bd6 Qb2 47. Bg2 Kh7 48. Bf3 Kg7 49. Kg2 Qc2 50. Qa5 Qf5 51. Qc7 Qh3+ 52. Kg1 Qf5 53. Bf4 Kh7 54. Qc1 Bg7 55. Qd1 Bf8 56. Be2 Qf6 57. Bg5 Qf5 58. Bd3 Qg4 59. Qxg4 Bxg4 60. Bf6 Bh6 61. Kg2 Kg8 62. f3 Bd7 63. Kf2 Kf8 64. Ba6 Bc6 65. Bc8 Ke8 66. g4 Bd7 67. gxh5 Bxc8 68. hxg6 fxg6 69. e4 Kf7 70. Bd8 Ke6 71. Kg3 dxe4 72. fxe4 Ba6 73. Bc7 Bd3 74. Kf3 Bd2 75. Bg3 Ba5 76. Ke3 Bc2 77. Bf2 Kf6 78. Bg3 Bb6 79. Bf2 Kg7 80. Kf4 Kf7 81. Be3 Bd8 82. Bf2 Kf6 83. Be1 Bc7+ 84. Kf3 Bh2 85. Bc3 Bd1+ 86. Kg2 Bf4 87. Kf2 Ke6 88. Ba5 Bg4 89. Bd8 Kd7 90. Bg5 Bc7 91. Ke3 Bd1 92. Bf4 Bb6 93. Bg5 Bc2 94. Bf6 Ke6 95. Bg5 Kf7 96. Bf4 Kg7 97. Bg5 Kf8 98. Bf6 Kf7 99. Bg5 Ke6 100. Bf4 Kd7 101. Bg5 Kc6 102. Bf6 Bc7 103. Be7 Bg3 104. Bg5 Bd1 105. Bd8 Bg4 106. Bg5 Kb5 107. Kd3 Bf2 108. Bf6 Bc8 109. Ke2 Bg1 110. Kf3 Bh2 111. Be5 Bg1 112. Kf4 Bd7 113. Kg5 Be8 114. Kf6 Bf2 115. Ke7 Bc6 116. d5 Bxh4+ 117. Kf7 1/2-1/2

[Event "Reykjavik Hellir"]
[Site "Reykjavik"]
[Date "2007.06.23"]
[Round "4"]
[White "Misiuga, Andrzej"]
[Black "Bjarnason, Saevar"]
[Result "1-0"]
[WhiteElo "2153"]
[BlackElo "2262"]
[PlyCount "69"]
[EventDate "2007.06.20"]
[EventType "tourn"]
[EventRounds "9"]
[EventCountry "ISL"]
[EventCategory "1"]
[SourceTitle "EXT 2019"]
[Source "ChessBase"]
[SourceDate "2018.10.10"]
[SourceVersion "1"]
[SourceVersionDate "2018.10.10"]
[SourceQuality "1"]

1. d4 Nf6 2. c4 g6 3. Nc3 Bg7 4. e4 d6 5. Be2 0-0 6. Bg5 c5 7. d5 h6 8. Be3 e6 9. Qd2 exd5 10. cxd5 Re8 11. f3 a6 12. a4 Nbd7 13. Nh3 Kh7 14. Nf2 Qc7 15. a5 Rb8 16. 0-0 b5 17. axb6 Rxb6 18. Ra2 Ne5 19. Rc1 Qb8 20. Ncd1 Rb4 21. Qe1 Re7 22. Qf1 Ra7 23. Rca1 Qc7 24. Bxa6 Bxa6 25. Rxa6 Rxa6 26. Qxa6 Nc4 27. Bc1 Nd7 28. Nd3 Bd4+ 29. Kf1 Nde5 30. Nxb4 cxb4 31. Qb5 Qe7 32. Ra8 Nxf3 33. gxf3 Qf6 34. Kg2 Ne5 35. Qe2 1-0

[Event "Reykjavik Hellir"]
[Site "Reykjavik"]
[Date "2007.06.23"]
[Round "5"]
[White "Thorfinnsson, Bragi"]
[Black "Misiuga, Andrzej"]
[Result "1-0"]
[WhiteElo "2384"]
[BlackElo "2153"]
[PlyCount "53"]
[EventDate "2007.06.20"]
[EventType "tourn"]
[EventRounds "9"]
[EventCountry "ISL"]
[EventCategory "1"]
[SourceTitle "EXT 2019"]
[Source "ChessBase"]
[SourceDate "2018.10.10"]
[SourceVersion "1"]
[SourceVersionDate "2018.10.10"]
[SourceQuality "1"]

1. e4 c6 2. d4 d5 3. exd5 cxd5 4. Bd3 Nc6 5. c3 Nf6 6. Bg5 Qb6 7. Qb3 Qxb3 8. axb3 Bg4 9. Nd2 e6 10. Ngf3 Bd6 11. b4 Nd7 12. 0-0 f6 13. Bh4 Kf7 14. Bg3 Bxg3 15. fxg3 Bf5 16. Be2 Nb6 17. b5 Ne7 18. g4 Be4 19. Ng5+ Kg6 20. Ndxe4 dxe4 21. Nxe4 Rhd8 22. Nc5 e5 23. dxe5 Rd5 24. exf6 Rxc5 25. fxe7 Re5 26. Rae1 Kh6 27. Bf3 1-0

[Event "Reykjavik Hellir"]
[Site "Reykjavik"]
[Date "2007.06.22"]
[Round "3"]
[White "Johannesson, Ingvar Thor"]
[Black "Misiuga, Andrzej"]
[Result "0-1"]
[WhiteElo "2299"]
[BlackElo "2153"]
[PlyCount "104"]
[EventDate "2007.06.20"]
[EventType "tourn"]
[EventRounds "9"]
[EventCountry "ISL"]
[EventCategory "1"]
[SourceTitle "EXT 2019"]
[Source "ChessBase"]
[SourceDate "2018.10.10"]
[SourceVersion "1"]
[SourceVersionDate "2018.10.10"]
[SourceQuality "1"]

1. d4 Nf6 2. c4 c5 3. d5 e6 4. Nc3 exd5 5. cxd5 d6 6. e4 g6 7. h3 Bg7 8. Nf3 0-0 9. Bd3 Nbd7 10. 0-0 Qe7 11. Re1 a6 12. a4 Ne8 13. Bf1 Ne5 14. Nxe5 Qxe5 15. Be3 Nf6 16. f4 Qe7 17. Bf2 Nh5 18. Qd2 Bh6 19. g3 Rd8 20. Kh2 b6 21. Rad1 Bd7 22. Bg2 b5 23. Qc2 b4 24. Nb1 Rac8 25. b3 c4 26. bxc4 Qe8 27. Nd2 Bxa4 28. Nb3 Bg7 29. Bd4 Bxd4 30. Rxd4 Rc5 31. Qb2 Bxb3 32. Qxb3 a5 33. Rdd1 Rb8 34. Ra1 Qc8 35. Bf1 Qc7 36. e5 Qe7 37. Re3 Ng7 38. Bd3 f6 39. Rae1 fxe5 40. fxe5 dxe5 41. Rxe5 Qf6 42. Qb2 Rf8 43. Rf1 Qd6 44. Rxf8+ Qxf8 45. Qe2 a4 46. Re7 Qf6 47. Rb7 Rc8 48. Rxb4 Re8 49. Qf1 Qd4 50. Rxa4 Rf8 51. Qd1 Qf2+ 52. Kh1 Nh5 0-1

[Event "Reykjavik Hellir"]
[Site "Reykjavik"]
[Date "2007.06.21"]
[Round "2"]
[White "Misiuga, Andrzej"]
[Black "Ptacnikova, Lenka"]
[Result "0-1"]
[WhiteElo "2153"]
[BlackElo "2290"]
[PlyCount "58"]
[EventDate "2007.06.20"]
[EventType "tourn"]
[EventRounds "9"]
[EventCountry "ISL"]
[EventCategory "1"]
[SourceTitle "EXT 2019"]
[Source "ChessBase"]
[SourceDate "2018.10.10"]
[SourceVersion "1"]
[SourceVersionDate "2018.10.10"]
[SourceQuality "1"]

1. d4 Nf6 2. c4 e6 3. Nc3 Bb4 4. Qc2 b6 5. a3 Bxc3+ 6. Qxc3 Bb7 7. Bg5 h6 8. Bh4 0-0 9. f3 d5 10. e3 Nbd7 11. cxd5 Nxd5 12. Bxd8 Nxc3 13. Bh4 Nd5 14. Bf2 f5 15. Bb5 c6 16. Ba4 e5 17. Ne2 exd4 18. Nxd4 Ne5 19. 0-0-0 c5 20. Ne6 Rf6 21. Nf4 Nxf4 22. exf4 Ng6 23. Rd7 Bc8 24. Bb3+ Kh7 25. Rd8 Bb7 26. Rxa8 Bxa8 27. Rd1 Nxf4 28. Rd8 c4 29. Bc2 Bc6 0-1

[Event "Reykjavik op"]
[Site "Reykjavik"]
[Date "2007.04.18"]
[Round "8"]
[White "Bergsson, Stefan"]
[Black "Misiuga, Andrzej"]
[Result "0-1"]
[WhiteElo "2112"]
[BlackElo "2153"]
[PlyCount "83"]
[EventDate "2007.04.11"]
[EventType "swiss"]
[EventRounds "9"]
[EventCountry "ISL"]
[SourceTitle "CBM 117 Extra"]
[Source "ChessBase"]
[SourceDate "2007.05.09"]
[SourceVersion "1"]
[SourceVersionDate "2007.05.09"]
[SourceQuality "1"]

1. Nf3 c5 2. c4 Nf6 3. Nc3 d5 4. cxd5 Nxd5 5. d4 cxd4 6. Qxd4 Nxc3 7. Qxc3 Nc6 8. e4 Bd7 9. Bb5 Rc8 10. 0-0 a6 11. Bxc6 Bxc6 12. Bg5 f6 13. Bf4 e5 14. Rfd1 Bd7 15. Qb3 exf4 16. Qxb7 Rc6 17. e5 Qc7 18. Qb3 Bc5 19. exf6 gxf6 20. Re1+ Kf8 21. Qd5 Kg7 22. Rac1 Bb4 23. Ng5 Rf8 24. Qd3 fxg5 25. Rxc6 Qxc6 26. Qd4+ Qf6 27. Qxb4 Re8 28. Rc1 Bf5 29. h4 h6 30. h5 Re7 31. Rc6 Qe5 32. Kh2 Bd3 33. Rc5 Qf6 34. Rc6 Qe5 35. Rc5 Qe4 36. Qc3+ Kh7 37. Rc8 Rg7 38. Qf6 Qe7 39. Qb6 g4 40. Kg1 g3 41. Rh8+ Kxh8 42. Qd8+ 0-1

[Event "CZE-chT2f 0607"]
[Site "Czech Republic"]
[Date "2006.12.17"]
[Round "5.6"]
[White "Misiuga, Andrzej"]
[Black "Rambousek, Jan"]
[Result "0-1"]
[WhiteElo "2199"]
[BlackElo "2063"]
[PlyCount "118"]
[EventDate "2006.10.14"]
[EventType "team"]
[EventRounds "11"]
[EventCountry "CZE"]
[SourceTitle "EXT 2009"]
[Source "ChessBase"]
[SourceDate "2008.11.26"]
[SourceVersion "1"]
[SourceVersionDate "2008.11.26"]
[SourceQuality "1"]

1. d4 Nf6 2. Nf3 g6 3. c4 Bg7 4. Nc3 d6 5. e4 0-0 6. Be2 e5 7. 0-0 Nc6 8. d5 Ne7 9. a4 Nd7 10. b4 f5 11. c5 Nf6 12. Nd2 f4 13. Ba3 g5 14. f3 Ng6 15. Nc4 Ne8 16. b5 Rf7 17. a5 b6 18. cxb6 cxb6 19. Bb4 Rb8 20. axb6 axb6 21. Ra3 Bf8 22. Qa1 h5 23. Ra7 g4 24. Rxf7 Kxf7 25. Qa7+ Rb7 26. Qa8 Nc7 27. Qa3 g3 28. h3 Qh4 29. Qb2 Bxh3 30. gxh3 Qxh3 31. Bd1 Nh4 32. Rf2 gxf2+ 33. Qxf2 Be7 34. Bxd6 Ne8 35. Bxe7 Rxe7 36. Qa2 Kf6 37. Kf2 Rg7 38. Ke1 Nxf3+ 39. Bxf3 Qxf3 40. Ne2 Qxe4 41. Qa8 Qxc4 42. Qxe8 Qxd5 43. Qxh5 Qe4 44. Qh4+ Ke6 45. Qh3+ Qf5 46. Qb3+ Kf6 47. Nc3 Rg3 48. Nd5+ Kg7 49. Qb4 Qg5 50. Qd6 Rg1+ 51. Kd2 f3+ 52. Ne3 Rg2+ 53. Kd3 Qg6+ 54. Qxg6+ Kxg6 55. Ke4 Re2 56. Kxf3 Rxe3+ 57. Kxe3 Kf5 58. Kf3 e4+ 59. Ke3 Ke5 0-1

[Event "CZE-chT2f 0607"]
[Site "Czech Republic"]
[Date "2006.11.19"]
[Round "3.6"]
[White "Misiuga, Andrzej"]
[Black "Ockay, Tomas"]
[Result "0-1"]
[WhiteElo "2199"]
[BlackElo "2123"]
[PlyCount "118"]
[EventDate "2006.10.14"]
[EventType "team"]
[EventRounds "11"]
[EventCountry "CZE"]
[SourceTitle "EXT 2009"]
[Source "ChessBase"]
[SourceDate "2008.11.26"]
[SourceVersion "1"]
[SourceVersionDate "2008.11.26"]
[SourceQuality "1"]

1. d4 d5 2. Nf3 Nf6 3. c4 e6 4. Nc3 c6 5. e3 Bd6 6. Bd3 Nbd7 7. 0-0 0-0 8. e4 dxe4 9. Nxe4 Nxe4 10. Bxe4 Qc7 11. Qe2 b6 12. b3 Bb7 13. Bb2 Rfe8 14. Rad1 Rad8 15. Ne5 Nf6 16. Bc2 c5 17. dxc5 Qxc5 18. Ng4 Nh5 19. g3 Qc6 20. f3 Bc5+ 21. Kg2 Qc7 22. Rd3 Bd6 23. Rfd1 Be7 24. Rxd8 Rxd8 25. Qe5 Qxe5 26. Rxd8+ Bxd8 27. Bxe5 Be7 28. Kf2 f5 29. Ne3 Nf6 30. Bc3 a5 31. Bd4 Nd7 32. f4 Nc5 33. Ke2 Kf7 34. Kd2 g5 35. Be5 Nd7 36. Bc7 gxf4 37. gxf4 Bc5 38. Bd1 Nf6 39. Nc2 Ne4+ 40. Kd3 Nf2+ 41. Ke2 Be4 42. Ne1 Nxd1 43. Kxd1 Kg6 44. Ke2 Bb1 45. a3 Ba2 46. Nd3 Bg1 47. Ne5+ Kh5 48. b4 axb4 49. axb4 Bxh2 50. Kf3 Bg1 51. Kg3 Bd4 52. Nc6 Bc3 53. Bxb6 Bxc4 54. Bc5 Be1+ 55. Kh3 Bf1+ 56. Kh2 Kg4 57. Kg1 Be2 58. Nd4 Bc4 59. Bd6 Kg3 0-1

[Event "POL-chT 1st League"]
[Site "Opole"]
[Date "2006.09.08"]
[Round "7"]
[White "Samborski, Henryk"]
[Black "Misiuga, Andrzej"]
[Result "1-0"]
[WhiteElo "2188"]
[BlackElo "2199"]
[PlyCount "49"]
[EventDate "2006.09.01"]
[EventType "team-tourn"]
[EventRounds "9"]
[EventCountry "POL"]
[SourceTitle "CBM 114 Extra"]
[Source "ChessBase"]
[SourceDate "2006.11.03"]
[SourceVersion "1"]
[SourceVersionDate "2006.11.03"]
[SourceQuality "1"]
[WhiteTeam "Rybnik Preferow MKSz"]
[BlackTeam "Dankowice Pasjonat"]
[WhiteTeamCountry "POL"]
[BlackTeamCountry "POL"]

1. e4 d5 2. exd5 Qxd5 3. Nc3 Qd6 4. d4 Nf6 5. Nf3 Bg4 6. Be2 c6 7. Ne5 Bxe2 8. Nxe2 Nbd7 9. Bf4 Nxe5 10. Bxe5 Qd5 11. 0-0 Nd7 12. Bg3 e6 13. Nc3 Qa5 14. Re1 Bb4 15. d5 Nf8 16. Qg4 cxd5 17. Qxg7 Ng6 18. h4 Qc5 19. h5 Qf8 20. Qd4 Bxc3 21. Qa4+ Kd8 22. bxc3 Ne7 23. c4 Qe8 24. Qb4 Kc8 25. Qc5+ 1-0

[Event "POL-chT 1st League"]
[Site "Opole"]
[Date "2006.09.07"]
[Round "6"]
[White "Misiuga, Andrzej"]
[Black "Wojciechowski, Adam"]
[Result "1-0"]
[WhiteElo "2199"]
[BlackElo "2197"]
[PlyCount "67"]
[EventDate "2006.09.01"]
[EventType "team-tourn"]
[EventRounds "9"]
[EventCountry "POL"]
[SourceTitle "CBM 114 Extra"]
[Source "ChessBase"]
[SourceDate "2006.11.03"]
[SourceVersion "1"]
[SourceVersionDate "2006.11.03"]
[SourceQuality "1"]
[WhiteTeam "Dankowice Pasjonat"]
[BlackTeam "Gliwice Politechnika Slaska"]
[WhiteTeamCountry "POL"]
[BlackTeamCountry "POL"]

1. Nf3 d5 2. g3 c6 3. Bg2 Bg4 4. 0-0 Nd7 5. d3 e6 6. c4 Bd6 7. Nc3 Ne7 8. cxd5 exd5 9. h3 Bh5 10. Bd2 0-0 11. Rc1 Bxf3 12. Bxf3 f5 13. e3 Ne5 14. Be2 g5 15. f4 Nf7 16. Bf3 Ng6 17. Rf2 d4 18. Ne2 dxe3 19. Bxe3 Qe7 20. Qd2 Bb4 21. Nc3 gxf4 22. Bxf4 Nxf4 23. gxf4 Kh8 24. Rg2 Rae8 25. a3 Bd6 26. Nd5 Bc5+ 27. d4 cxd5 28. dxc5 Qf6 29. Rd1 Rg8 30. Qd4 Re1+ 31. Kh2 Rxg2+ 32. Kxg2 Qxd4 33. Rxd4 Re4 34. Bxe4 1-0

[Event "POL-chT 1st League"]
[Site "Opole"]
[Date "2006.09.03"]
[Round "2"]
[White "Misiuga, Andrzej"]
[Black "Sendera, Jaroslaw"]
[Result "0-1"]
[WhiteElo "2199"]
[BlackElo "2334"]
[PlyCount "56"]
[EventDate "2006.09.01"]
[EventType "team-tourn"]
[EventRounds "9"]
[EventCountry "POL"]
[SourceTitle "CBM 114 Extra"]
[Source "ChessBase"]
[SourceDate "2006.11.03"]
[SourceVersion "1"]
[SourceVersionDate "2006.11.03"]
[SourceQuality "1"]
[WhiteTeam "Dankowice Pasjonat"]
[BlackTeam "Rzeszow Zelmer"]
[WhiteTeamCountry "POL"]
[BlackTeamCountry "POL"]

1. d4 Nf6 2. Nf3 g6 3. c4 Bg7 4. Nc3 0-0 5. e4 d6 6. Be2 Nbd7 7. Be3 Ng4 8. Bg5 f6 9. Bd2 e5 10. h3 Nh6 11. Qc1 Nf7 12. d5 f5 13. Qc2 Nc5 14. Be3 Nxe4 15. Nxe4 fxe4 16. Nd2 Bh6 17. Qc3 Qh4 18. g3 Qe7 19. h4 Bg7 20. g4 Nh6 21. Bg5 Qd7 22. Rg1 Rf4 23. Qg3 Qf7 24. Qe3 Nxg4 25. Bxg4 Rxg4 26. Rxg4 Bxg4 27. Nxe4 Rf8 28. Kd2 Bf3 0-1

[Event "CZE-chT2f 0506"]
[Site "Czech Republic"]
[Date "2006.04.09"]
[Round "11.6"]
[White "Misiuga, Andrzej"]
[Black "Slizek, Josef"]
[Result "1-0"]
[WhiteElo "2198"]
[BlackElo "1983"]
[PlyCount "101"]
[EventDate "2005.10.16"]
[EventType "team"]
[EventRounds "11"]
[EventCountry "CZE"]
[SourceTitle "EXT 2009"]
[Source "ChessBase"]
[SourceDate "2008.11.26"]
[SourceVersion "1"]
[SourceVersionDate "2008.11.26"]
[SourceQuality "1"]

1. Nf3 Nf6 2. g3 b6 3. Bg2 Bb7 4. 0-0 e6 5. c4 Be7 6. Nc3 0-0 7. Re1 d5 8. cxd5 exd5 9. d4 Na6 10. Ne5 c6 11. a3 Nc7 12. e4 c5 13. dxc5 Bxc5 14. Bg5 h6 15. Bxf6 Qxf6 16. Ng4 Qd4 17. exd5 Ne8 18. Qe2 Nd6 19. Rad1 Qc4 20. Ne5 Qxe2 21. Rxe2 Ba6 22. Red2 Rfe8 23. Nd7 Rac8 24. Nxc5 Rxc5 25. Bf1 Bc8 26. Rd4 Bd7 27. Bd3 f5 28. Kf1 g6 29. Re1 Kf7 30. Rxe8 Bxe8 31. Ke1 Kf6 32. f4 b5 33. Kd2 a6 34. b3 Bd7 35. Nd1 Rc8 36. Nf2 Rc5 37. Bc2 Bc8 38. Nd3 Rc7 39. Ne5 g5 40. a4 Bb7 41. Bd3 gxf4 42. gxf4 Rg7 43. axb5 axb5 44. Kc3 Bc8 45. Kb4 Rc7 46. Nc6 Bd7 47. Kc5 Nc8 48. Bxb5 Na7 49. Ba4 Nxc6 50. dxc6 Be6 51. b4 1-0

[Event "CZE-chT1 East 0506"]
[Site "Czech Republic"]
[Date "2006.03.19"]
[Round "10.7"]
[White "Misiuga, Andrzej"]
[Black "Mrva, Marek"]
[Result "0-1"]
[WhiteElo "2198"]
[BlackElo "2179"]
[PlyCount "60"]
[EventDate "2005.10.23"]
[EventType "team"]
[EventRounds "11"]
[EventCountry "CZE"]
[SourceTitle "EXT 2008"]
[Source "ChessBase"]
[SourceDate "2007.11.25"]
[SourceVersion "1"]
[SourceVersionDate "2007.11.25"]
[SourceQuality "1"]

1. Nf3 d6 2. g3 e5 3. e4 Nf6 4. d3 Be7 5. Bg2 Nc6 6. h3 h6 7. c4 Be6 8. Nc3 Qd7 9. Be3 Nh7 10. Nd5 f5 11. Nxe7 Nxe7 12. exf5 Nxf5 13. Bd2 Nf6 14. Bc3 e4 15. Nd4 Nxd4 16. Bxd4 0-0 17. dxe4 Bxc4 18. Qc2 Qb5 19. a4 Qa5+ 20. Bc3 Qb6 21. Bxf6 Bb3 22. Qd2 Rxf6 23. 0-0 a5 24. Ra3 Be6 25. Kh2 Bc4 26. e5 dxe5 27. Bd5+ Bxd5 28. Qxd5+ Kh8 29. Kg2 Raf8 30. Re3 Qxb2 0-1

[Event "CZE-chT1 East 0506"]
[Site "Czech Republic"]
[Date "2006.02.19"]
[Round "8.7"]
[White "Misiuga, Andrzej"]
[Black "Belacik, Jan"]
[Result "1/2-1/2"]
[WhiteElo "2198"]
[BlackElo "2074"]
[PlyCount "95"]
[EventDate "2005.10.23"]
[EventType "team"]
[EventRounds "11"]
[EventCountry "CZE"]
[SourceTitle "EXT 2008"]
[Source "ChessBase"]
[SourceDate "2007.11.25"]
[SourceVersion "1"]
[SourceVersionDate "2007.11.25"]
[SourceQuality "1"]

1. Nf3 Nc6 2. d4 d5 3. c4 e6 4. Nc3 Nf6 5. Bg5 Be7 6. e3 0-0 7. Bd3 Nb4 8. Be2 dxc4 9. Bxc4 h6 10. Bh4 Nh5 11. Bxe7 Qxe7 12. a3 Nc6 13. Ne5 Nf6 14. Nxc6 bxc6 15. Qa4 c5 16. dxc5 Qxc5 17. Qb5 Qxb5 18. Nxb5 Bb7 19. 0-0 Rfc8 20. Rac1 a6 21. Nc3 Ne4 22. Nxe4 Bxe4 23. f3 Bb7 24. Rfd1 Kf8 25. Bf1 Ke7 26. Rc5 c6 27. b4 Rd8 28. Rxd8 Rxd8 29. e4 f6 30. Kf2 Kd6 31. Bc4 a5 32. Rxa5 e5 33. g3 Kc7 34. Ke2 Kb6 35. Rc5 Ra8 36. Ra5 Rxa5 37. bxa5+ Kxa5 38. Bb3 g5 39. Ke3 Kb5 40. f4 Kc5 41. Be6 Ba6 42. h4 Bc4 43. Bd7 Bb3 44. fxe5 fxe5 45. Kd3 Bd1 46. Kc3 Bf3 47. Kd3 Bd1 48. Kc3 1/2-1/2

[Event "CZE-chT2f 0506"]
[Site "Czech Republic"]
[Date "2005.12.18"]
[Round "5.6"]
[White "Kaminsky, Rudolf"]
[Black "Misiuga, Andrzej"]
[Result "0-1"]
[WhiteElo "2149"]
[BlackElo "2198"]
[PlyCount "66"]
[EventDate "2005.10.16"]
[EventType "team"]
[EventRounds "11"]
[EventCountry "CZE"]
[SourceTitle "EXT 2009"]
[Source "ChessBase"]
[SourceDate "2008.11.26"]
[SourceVersion "1"]
[SourceVersionDate "2008.11.26"]
[SourceQuality "1"]

1. d4 Nf6 2. Bg5 Ne4 3. Bh4 c5 4. Nd2 Nxd2 5. Qxd2 cxd4 6. Nf3 Nc6 7. Nxd4 Qb6 8. Nb3 g6 9. f3 Qb4 10. Bf2 Bh6 11. Qxb4 Nxb4 12. Nd4 0-0 13. c3 Nc6 14. e4 d6 15. Be2 Bd7 16. 0-0 Rfc8 17. Rfd1 Ne5 18. Bb5 Bxb5 19. Nxb5 a6 20. Nd4 Nc4 21. Rab1 b5 22. Nc2 a5 23. Rd3 b4 24. Be1 bxc3 25. Bxc3 Rab8 26. b3 Ne5 27. Bxe5 Rxc2 28. Bb2 a4 29. e5 Bf4 30. exd6 Bxd6 31. Rc3 Rd2 32. Ba1 Rxa2 33. Rbc1 Rxa1 0-1

[Event "CZE-chT1 East 0506"]
[Site "Czech Republic"]
[Date "2005.11.26"]
[Round "5.6"]
[White "Misiuga, Andrzej"]
[Black "Bures, Vit"]
[Result "1/2-1/2"]
[WhiteElo "2198"]
[BlackElo "2243"]
[PlyCount "25"]
[EventDate "2005.10.23"]
[EventType "team"]
[EventRounds "11"]
[EventCountry "CZE"]
[SourceTitle "EXT 2008"]
[Source "ChessBase"]
[SourceDate "2007.11.25"]
[SourceVersion "1"]
[SourceVersionDate "2007.11.25"]
[SourceQuality "1"]

1. Nf3 Nf6 2. c4 e6 3. g3 c5 4. Bg2 d5 5. 0-0 Nc6 6. d4 cxd4 7. Nxd4 Bc5 8. Nb3 Be7 9. cxd5 exd5 10. Nc3 Be6 11. Be3 0-0 12. Nd4 Rc8 13. h3 1/2-1/2

[Event "CZE-chT2f 0506"]
[Site "Czech Republic"]
[Date "2005.11.20"]
[Round "3.6"]
[White "Zalesky, Karel"]
[Black "Misiuga, Andrzej"]
[Result "0-1"]
[WhiteElo "2077"]
[BlackElo "2198"]
[PlyCount "102"]
[EventDate "2005.10.16"]
[EventType "team"]
[EventRounds "11"]
[EventCountry "CZE"]
[SourceTitle "EXT 2009"]
[Source "ChessBase"]
[SourceDate "2008.11.26"]
[SourceVersion "1"]
[SourceVersionDate "2008.11.26"]
[SourceQuality "1"]

1. e4 d5 2. exd5 Qxd5 3. Nc3 Qd6 4. d4 Nf6 5. Nf3 Bg4 6. h3 Bh5 7. g4 Bg6 8. Ne5 c6 9. Bg2 Nbd7 10. Bf4 Nxe5 11. Bxe5 Qb4 12. Qd2 Nd7 13. 0-0-0 e6 14. Bc7 Nb6 15. Bxb6 axb6 16. f4 Be7 17. h4 h5 18. g5 0-0 19. Qe3 Qa5 20. Rh3 Bd6 21. Be4 Bf5 22. Rg3 g6 23. Rd3 b5 24. a3 b4 25. Nb1 Qc7 26. Rf3 bxa3 27. Nxa3 Bxa3 28. bxa3 Ra5 29. Rb3 Rd8 30. Kb2 Ra4 31. Rb4 Rxb4+ 32. axb4 Qb6 33. c3 Bxe4 34. Qxe4 Ra8 35. Qb1 Qa6 36. Rf2 Qa3+ 37. Kc2 Qa2+ 38. Qb2 Qd5 39. Kd3 Qh1 40. Kc4 Qxh4 41. Kc5 Qh1 42. c4 b5 43. Qc3 Rd8 44. Rf3 Qb1 45. Kxc6 Qe4+ 46. Kxb5 Rb8+ 47. Kc5 Rc8+ 48. Kd6 Rd8+ 49. Kc5 Qb7 50. b5 Qe7+ 51. Kb6 Qd6+ 0-1